00358nam a22000977a 4500008004100000082001600041100003500057245011900092260004100211300000800252230619b xxu||||| |||| 00| 0 eng d a015.67bKNL cKenya National LIbrary Service aKenya National Bibiliography 1983bKenya NAtional Library ServicecNational Reference & Bibiliographic Departments bKenya National Library Servicec1983 a37p